House & Garden (Record no. 4326)

MARC details
000 -CABECERA
campo de control de longitud fija 00707nam a2200229 a 4500
001 - NÚMERO DE CONTROL
campo de control BRCA_4621
005 - FECHA Y HORA DE LA ÚLTIMA TRANSACCIÓN
campo de control 20190320204735.0
008 - DATOS DE LONGITUD FIJA--INFORMACIÓN GENERAL
campo de control de longitud fija 270910s1947----nyua######---#000-0#eng-#
041 ## - CÓDIGO DE LENGUA
Código de lengua del texto/banda sonora o título independiente eng
044 ## - CÓDIGO DEL PAÍS DE LA ENTIDAD EDITORA/PRODUCTORA
Código MARC del país nyu
050 #4 - SIGNATURA TOPOGRÁFICA DE LA BIBLIOTECA DEL CONGRESO
Número de clasificación NK2110
Número de documento/Ítem .H68 1947
245 10 - MENCIÓN DE TÍTULO
Título House & Garden
Resto del título complete guide to interior decoration
Mención de responsabilidad, etc. edited by Richardson Wright.
260 ## - PUBLICACIÓN, DISTRIBUCIÓN, ETC.
Lugar de publicación, distribución, etc. Nueva York
Nombre del editor, distribuidor, etc. Simon and Schuster
Fecha de publicación, distribución, etc. 1947
300 ## - DESCRIPCIÓN FÍSICA
Extensión 320 p.
Otras características físicas il. (algunas a color)
Dimensiones 33 cm.
500 ## - NOTA GENERAL
Nota general Incluye índice analítico
500 ## - NOTA GENERAL
Nota general Edición revisada y completada
500 ## - NOTA GENERAL
Nota general D36
650 14 - PUNTO DE ACCESO ADICIONAL DE MATERIA--TÉRMINO DE MATERIA
Término de materia o nombre geográfico como elemento de entrada Decoración y ornamentación
Subdivisión general Decoración interior
9 (RLIN) 11698
700 1# - PUNTO DE ACCESO ADICIONAL--NOMBRE DE PERSONA
Nombre de persona Wright, Richardson
9 (RLIN) 11699
902 ## - CATALOGADOR
Iniciales GFM
942 ## - ELEMENTOS DE PUNTO DE ACCESO ADICIONAL (KOHA)
Fuente del sistema de clasificación o colocación Library of Congress Classification
Tipo de ítem Koha Libros
Holdings
Estado de retiro Estado de pérdida Estado dañado No para préstamo Localización permanente Ubicación/localización actual Fecha de adquisición Número de inventario Total de préstamos Signatura topográfica completa Código de barras Fecha visto por última vez Precio válido a partir de Tipo de ítem Koha
El ejemplar forma parte de la colección y puede ser consultado según las políticas vigentes.       Biblioteca del Museo Franz Mayer (Rogerio Casas-Alatriste) Biblioteca del Museo Franz Mayer (Rogerio Casas-Alatriste) 27/09/2010 D36   NK2110 .H68 1947 (D36) 4619 22/03/2019 22/03/2019 Libros